000 00654nam a2200193Ia 4500
008 100921s9999 xx 000 0 und d
082 _b41101
_a891.463 न 06
100 _aभोगले प्रभाकर.
245 _aमाझी कहाणी.
260 _bपारस प्रकाशन,कोल्हापूर.
260 _c2006
300 _a272
_bजयेश एजन्सी,पुणे.
365 _b260
520 _aललित-कादंबरी.
630 _aमाझी कहाणी.
650 _aललित-कादंबरी.
730 _aमाझी कहाणी.
942 _cBOOK
999 _c790214
_d790211